000 00651nam a2200217Ia 4500
005 20260601193251.0
008 260601s9999||||xx |||||||||||||| ||und||
020 _a978-981-97-4522-7
_qebk
100 _aZhaoquan Gu
245 0 _aNetwork Simulation and Evaluation
250 _a2024
260 _aHeidelberg, Germany
_bSpringer Nature
_c2024
440 _aCommunications in Computer and Information Science
650 _aComputer Science
700 _aGuandong Xu
700 _aJiawei Zhang
700 _aWanlei Zhou
700 _aYan Jia
856 _uhttps://link.springer.com/openurl?genre=book&isbn=978-981-97-4522-7
942 _cEB
_2ddc
999 _c56732
_d56732